Bathymetrical survey of the Scottish fresh-water lochs /

Bibliographic Details
Main Author: Murray, John, Sir, 1841-1914
Other Authors: Pullar, Laurence, Chumley, James
Format: Book
Language:English
Published: Edinburgh : Challenger Office, 1910.
Subjects:

MARC

Tag First Indicator Second Indicator Subfields
LEADER 00000cam a2200000 4500
001 in00000052440
005 20151007070137.0
008 800529s1910 stkabf b 00010 engmc
010 |a gs 10000486  
035 |a (OCoLC)06369944 
035 |9 AAE3427AM 
040 |a U.S. Geol. Survey. Library  |c TXA  |d TXA  |d UtOrBLW 
049 |a TXAM  |v 1 [218230]  |v 2 [218231]  |v 3 [218232]  |v 4 [218233]  |v 5 [218234]  |v 6 [218235] 
050 0 |a GB1687  |b .M8 
092 |a 574.929  |b M982b 
100 1 |a Murray, John,  |c Sir,  |d 1841-1914. 
245 1 0 |a Bathymetrical survey of the Scottish fresh-water lochs /  |c conducted under the direction of Sir John Murray ... and Laurence Pullar ... during the years 1897 to 1909. Report on the scientific results. 
264 1 |a Edinburgh :  |b Challenger Office,  |c 1910. 
300 |a 6 volumes :  |b illustrations, plates, maps (part folded) ;  |c 25 cm. 
336 |a text  |b txt  |2 rdacontent 
337 |a unmediated  |b n  |2 rdamedia 
338 |a volume  |b nc  |2 rdacarrier 
500 |a Volumes 1-2, text; volumes 3-6, maps. 
500 |a "The characteristics of lakes in general, and their distribution over the surface of the globe": volume 1, pages 514-658. 
504 |a "Bibliography of limnological literature, compiled ... by James Chumley": volume 1, pages 659-753. 
650 0 |a Limnology  |z Scotland. 
650 0 |a Lakes  |z Scotland. 
650 0 |a Freshwater biology. 
700 1 |a Pullar, Laurence. 
700 1 |a Chumley, James. 
999 |a MARS 
999 f f |s e66e366b-177c-3a34-baca-655913c7eb52  |i 6a601034-3211-307d-ac4b-152b0e63f8a8  |t 0 
952 f f |p ric  |a Texas A&M University  |b Rellis Campus  |c Joint Library Facility  |d Remote Storage  |t 0  |e GB1687 .M8  |h Library of Congress classification  |i unmediated -- volume  |k v.3  |m A14800975927 
952 f f |p ric  |a Texas A&M University  |b Rellis Campus  |c Joint Library Facility  |d Remote Storage  |t 0  |e GB1687 .M8  |h Library of Congress classification  |i unmediated -- volume  |k v.6  |m A14800975951 
952 f f |p ric  |a Texas A&M University  |b Rellis Campus  |c Joint Library Facility  |d Remote Storage  |t 0  |e GB1687 .M8  |h Library of Congress classification  |i unmediated -- volume  |k v.5  |m A14800975943 
952 f f |p ric  |a Texas A&M University  |b Rellis Campus  |c Joint Library Facility  |d Remote Storage  |t 0  |e GB1687 .M8  |h Library of Congress classification  |i unmediated -- volume  |k v.1  |m A14800975901 
952 f f |p ric  |a Texas A&M University  |b Rellis Campus  |c Joint Library Facility  |d Remote Storage  |t 0  |e GB1687 .M8  |h Library of Congress classification  |i unmediated -- volume  |k v.4  |m A14800975935 
952 f f |p ric  |a Texas A&M University  |b Rellis Campus  |c Joint Library Facility  |d Remote Storage  |t 0  |e GB1687 .M8  |h Library of Congress classification  |i unmediated -- volume  |k v.2  |m A14800975919 
998 f f |a GB1687 .M8  |s v.1-v.6  |t 0  |l Remote Storage